Bilme istenci üzerine dersler (Record no. 10037)

MARC details
000 -BAŞLIK
Sabit Uzunlukta Kontrol Alanı 01014na a2200301 4500
001 - KONTROL NUMARASI
Denetim Alanı 12644
003 - KONTROL NUMARASI IDENTIFIER
Denetim Alanı MIRAKIL
005 - SON İŞLEM TARİHİ VE ZAMANI
Denetim Alanı 20181213155305.0
008 - SABİT-BOY VERİ ELEMANLARI - GENEL BİLGİLER
Sabit Uzunlukta Kontrol Alanı 160826b tu 000 0
020 ## - ULUSLARARASI STANDART KİTAP NUMARASI
Uluslararası Standart Kitap Numarası 9786053992639
035 ## - SİSTEM KONTROL NUMARASI
Sistem Kontrol Numarası 12644
040 ## - KATALOGLAMA KAYNAK
Orijinal Kataloglama Ajansı Milas
Kataloglama Dili tur
Metne Dönüştürmek Ajansı TR-AnCHP
082 ## - DEWEY ONLU SINIFLANDIRMA NUMARASI
Sınıflandırma Numarası 121
Ürün Numarası F68b 2012
090 ## - SINIFLAMA NUMARASI
Sınıflama Numarası 121 F68b 2012
100 ## - ANA GİRİŞ - KİŞİSEL İSİM
Kişisel Ad Foucault, Michel
245 ## - BAŞLIK TABLOSU
Başlık Bilme istenci üzerine dersler
Başlığın Kalan Collége de France dersleri 1970-1971
Sorumluluk Tablosu, Vb Michel Foucault ; çeviren Kerem Eksen ; yayına hazırlayan Ferhat Taylan
260 ## - YAYIN, DAĞITIM, VB
Yayın, Dağıtım, Vb Yeri İstanbul
Yayıncı, Dağıtıcı, Vs Adı İstanbul Üniversitesi Yayınları
Yayın, Dağıtım, Vb Tarihi 2012.
300 ## - FİZİKSEL TANIM
Kapsam VIII, 304 s.
Boyutlar 23 sm.
490 ## - SERİSİ TABLOSU
Seri Beyanı Kavramlar ve Pratikler
Hacim / Ardışık Tanımı 2
490 ## - SERİSİ TABLOSU
Seri Beyanı İstanbul Bilgi Üniversitesi yayınları
Hacim / Ardışık Tanımı 408
500 ## - GENEL NOT
Genel Not özgün yapıt adı : Leçons sur la volonte de savoir
504 ## - KAYNAKÇA VB NOT
Kaynakça Vb Notu Dizin ve Yunanca terimler var.
650 ## - KONU KATMA GİRİŞ - TOPİKAL DÖNEM
Topikal Süreli Veya Coğrafi Ad Giriş Elemanı Fransız felsefesi
Genel Alt Bölümü 20. yüzyıl
650 ## - KONU KATMA GİRİŞ - TOPİKAL DÖNEM
Topikal Süreli Veya Coğrafi Ad Giriş Elemanı Bilgi kuramı
700 ## - KATMA GİRİŞ - KİŞİSEL İSİM
Kişisel Ad Taylan, Ferhat
700 ## - KATMA GİRİŞ - KİŞİSEL İSİM
Kişisel Ad Eksen, Kerem
942 ## - EKLENDİ GİRİŞ ELEMANLARI (KOHA)
Sınıflandırma Veya Raf Düzeni Kaynak Dewey Decimal Classification
Koha Öğesi Türü Books
999 ## - SİSTEM KONTROL NUMARALARI (KOHA)
Koha Biblionumber 10037
Koha Biblioitemnumber 10037
Holdings
Kalıcı Konum Mevcut Konum Edinme Tarihi Edinim Kaynak Toplam Check-Out'Lar Tam Çağrı Numarası Barkod Tarih Son Görülme İtibaren Geçerli Fiyatlar Koha Öğesi Türü
CHP Kütüphanesi CHP Kütüphanesi 07/29/2016 Bağış   121 F68b 2012 000177 07/29/2016 07/29/2016 Books